Geography by letter - W - Statistics

General Stats
  • This quiz has been taken 58 times
  • The average score is 6 of 7
Answer Stats
Hint Answer % Correct
The 1st president (remove the George) or a U.S State Washington
100%
Capital of the us Washington D.C
100%
Capital of poland Warsaw
98%
A region in the UK Wales
93%
A us state on top of Colorado Wyoming
87%
Something part of Morocco Western Sahara
51%
A French overseas collectivity Wallis and Futuna
27%
No matching quizzes found
Score Distribution
Percent of People with Each Score
Percentile by Number Answered
Your Score History
You have not taken this quiz